1116 1812 1299 1390 1076 1676 1726 1064 1475 1051 1371 1914 1053 1425 1208 1699 1186 1533 1405 1929 1874 1410 1041 1344 1636 1384 1309 1937 1303 1420 1984 1836 1629 1655 1292 1516 1187 1766 1400 1746 1505 1044 1428 1178 1342 1242 1718 1495 1447 1380 1733 1905 1823 1149 1781 1259 1024 1101 1284 1182 1879 1953 1502 1942 1597 1688 1219 1249 1264 1264 1293 1331 1827 1770 1713 1738 1377 1187 1137 1829 1451 1062 1109 1712 1711 1418 1499 1323 1182 1437 1045 1487 1865 1301 1803 1736 1646 1925 1111 BCNSPRNW ULIB Ver.6.0+V

เปลี่ยนเป็นภาษาไทย

Change to English
 แสดงรายละเอียดบรรณานุกรม
  กลับหน้าหลัก

Brief Record : Get Marc (ISO 2709) : E-mail record : QR code < ปิดหน้าต่าง
LEADER : 00000nam 2200000uu 4500
001    13399111688
003     ULIB
008    110705s2006||||th 000 0 eng d
020    0443101280 (pbk.)
060 04 WQ165^bJ68s 2006
100 1  Johnson, Ruth
245 10 Skills for midwifery practice /^cRuth Johnson, WendyTaylor
250    2nd ed.
260    Edinburgh :^bElsevier/Churchill Livingstone,^cc2006
300    xi, 495 p. :^bill. ;^c25 cm.
504    Includes bibliographical references and index
650  2 Midwifery^xmethods
700 1  Taylor, Wendy,^d1956-
945    ^p1920^l0^i020386
995     Kesorn
999 ^a ใช้งานได้ทุกระบบ
รายการนี้ยังไม่มีแท็ก
คุณยังไม่ได้ล็อกอิน คุณสามารถมีกิจกรรมร่วมกับเว็บไซต์ได้ แต่ต้องล็อกอินก่อน ::
  ล็อกอิน

รายการสื่อสารสนเทศ

ลำดับที่ ประเภท เลขเรียก/บาร์โค้ด สถานที่ สถานะ
- ไม่พบข้อมูล -

รายการใกล้เคียง
    ผู้แต่ง [Johnson, Ruth]

BibComment


ยังไม่เคยถูกคอมเมนท์

คอมเมนท์ทรัพยากรรายการนี้
  คอมเมนท์: Skills for midwif..


 Copyright 2026. Bcnsprnw @Library